Gracze, którzy wygrali Majora CS:GO - Statystyki

Ogólne statystyki
  • Ten quiz został rozwiązany 407 razy
    77 od ostatniego zresetowania
  • Średni wynik to 34 z 66
Statystyki odpowiedzi
Zwycięstwa Lata Zawodnik % Poprawnych
1 2014 pashaBiceps
98%
1 2014 TaZ
96%
1 2014 Snax
94%
1 2014 NEO
93%
1 2021 s1mple
93%
1 2014 byali
87%
4 2017, 2018, 2019, 2019 device
87%
1 2023 ZywOo
83%
1 2022 karrigan
80%
2 2015, 2023 apEX
74%
4 2018, 2019, 2019, 2023 Magisk
72%
2 2021, 2024 b1t
70%
1 2024 jL
70%
1 2022 ropz
70%
2 2016, 2016 coldzera
69%
1 2022 rain
69%
1 2022 broky
67%
5 2017, 2018, 2019, 2019, 2023 dupreeh
67%
3 2013, 2015, 2015 flusha
67%
1 2024 w0nderful
67%
1 2024 Aleksib
65%
1 2015 kennyS
65%
2 2016, 2016 FalleN
63%
4 2017, 2018, 2019, 2019 gla1ve
63%
3 2013, 2015, 2015 JW
63%
1 2024 iM
59%
1 2023 Spinx
59%
1 2021 electroNic
56%
1 2014 GeT_RiGhT
56%
2 2015, 2015 olofmeister
56%
1 2017 Dosia
52%
1 2014 f0rest
50%
1 2022 Jame
50%
2 2014, 2015 Happy
48%
1 2021 Perfecto
48%
4 2017, 2018, 2019, 2019 Xyp9x
48%
1 2022 Twistzz
46%
1 2018 Stewie2K
44%
1 2017 Zeus
43%
1 2021 Boombl4
41%
2 2016, 2016 fer
41%
3 2013, 2015, 2015 pronax
41%
1 2014 shox
41%
2 2016, 2016 TACO
39%
2 2016, 2016 fnx
37%
1 2014 friberg
37%
1 2017 Hobbit
37%
1 2022 n0rb3r7
37%
2 2014, 2015 NBK-
37%
1 2022 fame
35%
2 2015, 2015 KRIMZ
35%
1 2022 FL1T
33%
1 2018 tarik
33%
1 2018 Skadoodle
31%
1 2017 AdreN
28%
1 2013 Devilwalk
28%
1 2014 Fifflaren
28%
1 2022 qikert
28%
1 2017 Kjaerbye
26%
2 2014, 2015 kioShiMa
24%
1 2014 Xizt
24%
1 2013 znajder
24%
1 2018 autimatic
20%
1 2017 mou
19%
1 2018 RUSH
19%
1 2014 SmithZz
13%
Nie znaleziono quizów pasujących do podanych kryteriów
Rozkład punktacji
Procent ludzi z każdym wynikiem
Percentyl według liczby udzielonych odpowiedzi
Twoja historia wyników
Nie rozwiązałeś tego quizu od ostatniego zresetowania